Classical Composers - Statistics

General Stats
  • This quiz has been taken 77 times
    60 since last reset
  • The average score is 23 of 38
Answer Stats
Hint Answer % Correct
The Four Seasons Antonio Vivaldi
94%
Fur Elise / Symphony No.5 / 9th Ode of Joy Ludwig van Beethoven
91%
Swan Lake / Waltz of the Flowers Pyotr I. Tchaikovsky
88%
Ride of the Valyries Richard Wagner
85%
Clair de lune / Prelude to the Afternoon of a Faun Claude Debussy
82%
Peer Gynt / In the Hall of the Mountain King Edvard Grieg
82%
Toccata in D Minor / Brandenburg Concerto No.3 Johann S. Bach
82%
Messiah / Water Music George F. Handel
79%
Imperial March / Star Wars Main Theme John Williams
79%
Rhapsody in Blue / Summertime George Gershwin
71%
Bolero Maurice Ravel
71%
Flight of the Bumblebee / Scheherazade Nikolai Rimsky-Korsakov
71%
New World Symphony Antonín Dvořák
68%
Finlandia / Valse Triste Jean Sibelius
68%
Carmina Burana Carl Orff
65%
Hungarian Rhapsody No.2 / Liebestram Franz Liszt
65%
Tosca / Turandot Giacomo Puccini
65%
Habanera / Les Toreadors Georges Bizet
62%
The Barber of Seville Gioachino Rossini
62%
La Traviata / Nabucco Giuseppe Verdi
62%
Hungarian Dances Johannes Brahms
62%
Eine kleine Nachtmusik / Turkish March Wolfgang A. Mozart
62%
Surprise Symphony / Emperor's Hymn Joseph Haydn
59%
The Moldau / The Bartered Bride Bedřich Smetana
56%
Wedding March Felix Mendelssohn
56%
Infernal Gallop / Orpheus in the Underworld Jacques Offenbach
56%
The Blue Danube / Voices of Spring Johann Strauss
56%
Also sprach Zarathustra Richard Strauss
50%
Sabre Dance / Masquerade Aram Khachaturian
47%
5th Caprice / 24th Caprice Niccolò Paganini
47%
Prince Igor / Polovtsian Dances Alexander Borodin
44%
Erlkönig / Ave Maria Franz Schubert
44%
Larghetto from Piano Concerto No. 2 in F minor Frédéric Chopin
44%
Jazz Suite No.2 Dmitri Shostakovich
38%
Entry of the Gladiators Julius Fučík
35%
Rhapsody on a Theme of Paganini Sergei Rachmaninoff
35%
The Skaters Waltz Émile Waldteufel
32%
Merry Farmers / Traumerei Robert Schumann
32%
No matching quizzes found
Score Distribution
Percent of People with Each Score
Percentile by Number Answered
Your Score History
You have not taken this quiz since the last reset